000 00453nam a2200169Ia 4500
005 20250508152945.0
008 008 250505s9999 xx 000 0 eng d
037 _aReference
040 _aFEDL
_beng
_cFEDL
041 _aeng
_2eng
084 _a653.42, REY
_qFEDL
100 _aReymold Arthur
_9762835
245 0 _aPitman's english shorthand dictionary
300 _a822p.
942 _cREF
_h653.42, REY
999 _c1339822
_d1339822